[Event "POL-chT 2nd League"]
[Site "Jastrzebia Gora"]
[Date "2024.09.05"]
[Round "6.45"]
[White "Piotrowski, Pawel"]
[Black "Kwiatkowski, Wiktor"]
[Result "0-1"]
[WhiteElo "2072"]
[BlackElo "2074"]
[PlyCount "158"]
[EventDate "2024.08.31"]
[EventType "team-swiss"]
[EventRounds "9"]
[EventCountry "POL"]
[SourceTitle "EXT 2025"]
[Source "ChessBase"]
[SourceDate "2024.10.14"]
[SourceVersion "1"]
[SourceVersionDate "2024.10.14"]
[SourceQuality "1"]
[WhiteTeam "Zary ZKSz"]
[BlackTeam "Konin Smecz"]
[WhiteTeamCountry "POL"]
[BlackTeamCountry "POL"]

1. d4 d5 2. Nf3 c6 3. g3 Nf6 4. Bg2 h6 5. Qd3 e6 6. 0-0 Nbd7 7. c4 Be7 8. Nc3 0-0 9. e4 dxe4 10. Nxe4 c5 11. Rd1 Qb6 12. d5 Nxe4 13. Qxe4 Nf6 14. Qc2 exd5 15. cxd5 Bg4 16. h3 Bh5 17. Bf4 Rad8 18. Qc4 Bd6 19. Be3 Rfe8 20. b4 Qxb4 21. Qxb4 cxb4 22. Bxa7 Ra8 23. Bd4 Ra3 24. g4 Bg6 25. Bb2 Rd3 26. Nd4 Ra8 27. Nb5 Bc5 28. Rxd3 Bxd3 29. Nd4 Rd8 30. Nb3 Be7 31. Rd1 Bc4 32. Na5 Bxa2 33. Nxb7 Rd7 34. d6 Ne8 35. Bc6 Rxb7 36. d7 Nd6 37. Bxb7 Nxb7 38. Re1 Be6 39. Re5 Kf8 40. Rb5 Nd8 41. Rb8 Bxd7 42. Be5 f5 43. Bc7 Ke8 44. Bxd8 Bxd8 45. Rxb4 Be7 46. Rd4 Bf6 47. Rb4 Ke7 48. Kg2 Bc6+ 49. f3 Kd6 50. Rb6 Kc5 51. Rb1 Kd6 52. Rb6 Kc7 53. Rb1 Bd5 54. Rb5 Kd6 55. Ra5 Bc3 56. Rb5 Bf6 57. Ra5 f4 58. Rb5 Ke5 59. Rb4 Be7 60. Ra4 Bc5 61. h4 Be7 62. Ra7 Bxh4 63. Rxg7 Kd4 64. Ra7 Ke3 65. Ra3+ Ke2 66. Rc3 Bf6 67. Ra3 Bb2 68. Ra6 Bxf3+ 69. Kh3 Bd4 70. Rxh6 Kf2 71. g5 Be2 72. Rd6 Ke3 73. Re6+ Kd3 74. Re8 f3 75. Rf8 Ke3 76. g6 Bd3 77. Re8+ Kd2 78. Rf8 f2 79. g7 f1Q+ 0-1

[Event "Dziedzica Memrial 11th"]
[Site "Trzcianka"]
[Date "2021.10.24"]
[Round "5"]
[White "Kulon, Klaudia"]
[Black "Piotrowski, Pawel"]
[Result "1-0"]
[WhiteElo "2328"]
[BlackElo "2085"]
[PlyCount "101"]
[EventDate "2021.10.24"]
[EventType "swiss (rapid)"]
[EventRounds "9"]
[EventCountry "POL"]
[SourceTitle "CBM 204 Extra"]
[Source "ChessBase"]
[SourceDate "2021.11.30"]
[SourceVersion "1"]
[SourceVersionDate "2021.11.30"]
[SourceQuality "1"]

1. d4 Nf6 2. Bg5 e6 3. Nd2 d5 4. e3 h6 5. Bh4 c5 6. c3 Nc6 7. Bd3 Bd6 8. f4 cxd4 9. cxd4 Bd7 10. a3 Rc8 11. Ngf3 Be7 12. Qe2 a6 13. b4 Na7 14. 0-0 Bb5 15. Nb3 Ne4 16. Be1 0-0 17. a4 Bxd3 18. Qxd3 Nc6 19. Nc5 Nxc5 20. bxc5 b6 21. Rc1 bxc5 22. dxc5 a5 23. Qb5 Qc7 24. Nd4 Nxd4 25. exd4 Bf6 26. Bxa5 Bxd4+ 27. Kh1 Qc6 28. Bb6 Be3 29. Rc2 d4 30. Qxc6 Rxc6 31. Rd1 Rfc8 32. a5 f6 33. g3 e5 34. Kg2 e4 35. Re2 Kf7 36. f5 g6 37. g4 h5 38. Kg3 hxg4 39. Kxg4 g5 40. a6 Rh8 41. Rxe3 Rh4+ 42. Kg3 dxe3 43. Rd7+ Ke8 44. Rd8+ Ke7 45. a7 e2 46. Kf2 Rxh2+ 47. Ke1 Rh1+ 48. Kxe2 Ra1 49. a8Q Rxa8 50. Rxa8 Kd7 51. Ke3 1-0

[Event "Bydgoszcz PGNiG Blitz"]
[Site "Bydgoszcz"]
[Date "2021.09.19"]
[Round "5"]
[White "Mazurkiewicz, Michal"]
[Black "Piotrowski, Pawel"]
[Result "0-1"]
[WhiteElo "2193"]
[BlackElo "2085"]
[PlyCount "64"]
[EventDate "2021.09.19"]
[EventType "swiss (blitz)"]
[EventRounds "13"]
[EventCountry "POL"]
[SourceTitle "CBM 204 Extra"]
[Source "ChessBase"]
[SourceDate "2021.11.30"]
[SourceVersion "1"]
[SourceVersionDate "2021.11.30"]
[SourceQuality "1"]

1. e4 c5 2. Nf3 e6 3. d3 Nc6 4. g3 d5 5. Nbd2 Nf6 6. Bg2 dxe4 7. dxe4 Be7 8. 0-0 0-0 9. e5 Nd5 10. a3 b5 11. Qe2 a6 12. h4 Bb7 13. c4 bxc4 14. Qxc4 Qc7 15. Re1 Rac8 16. Qg4 Rfd8 17. Nc4 Nd4 18. Nxd4 cxd4 19. b3 Nc3 20. Bh6 g6 21. Bg5 Bxg2 22. Kxg2 Qb7+ 23. Kg1 Bxg5 24. Qxg5 Qd5 25. Nd6 Rxd6 26. exd6 Qxd6 27. h5 d3 28. h6 Qd4 29. Rad1 Rd8 30. Rd2 Ne4 31. Rdd1 Nc3 32. Rd2 f6 0-1

[Event "Warsaw op-A"]
[Site "Warsaw"]
[Date "2021.07.22"]
[Round "4"]
[White "Piotrowski, Pawel"]
[Black "Karpus, Michal"]
[Result "0-1"]
[WhiteElo "2027"]
[BlackElo "2271"]
[PlyCount "43"]
[EventDate "2021.07.19"]
[EventType "swiss"]
[EventRounds "9"]
[EventCountry "POL"]
[SourceTitle "CBM 203 Extra"]
[Source "ChessBase"]
[SourceDate "2021.09.30"]
[SourceVersion "1"]
[SourceVersionDate "2021.09.30"]
[SourceQuality "1"]

1. d4 Nf6 2. c4 g6 3. g3 Bg7 4. Bg2 d5 5. cxd5 Nxd5 6. e4 Nb6 7. Ne2 c5 8. d5 0-0 9. 0-0 e6 10. Nbc3 Na6 11. b3 exd5 12. exd5 Bg4 13. f3 Bf5 14. Be3 Re8 15. Qd2 Nb4 16. Bxc5 N6xd5 17. Ne4 Bxe4 18. fxe4 Nc3 19. Qxd8 Nxe2+ 20. Kf2 Raxd8 21. Kxe2 Bxa1 22. Ke1 0-1

[Event "Warsaw Najdorf Memorial op-A 18th"]
[Site "Warsaw"]
[Date "2021.07.10"]
[Round "1"]
[White "Dragun, Kamil"]
[Black "Piotrowski, Pawel"]
[Result "1-0"]
[WhiteElo "2557"]
[BlackElo "2027"]
[PlyCount "147"]
[EventDate "2021.07.10"]
[EventType "swiss"]
[EventRounds "9"]
[EventCountry "POL"]
[SourceTitle "CBM 203 Extra"]
[Source "ChessBase"]
[SourceDate "2021.09.30"]
[SourceVersion "1"]
[SourceVersionDate "2021.09.30"]
[SourceQuality "1"]

1. Nf3 d5 2. g3 Nf6 3. Bg2 Bf5 4. 0-0 e6 5. c4 c6 6. Qb3 Qb6 7. d3 Nbd7 8. cxd5 exd5 9. Qc2 h6 10. Nc3 Be7 11. e4 dxe4 12. dxe4 Bh7 13. h3 Rd8 14. Be3 Qa6 15. a4 0-0 16. Rfd1 Bb4 17. Nd2 Rfe8 18. Qb3 Bc5 19. Bf1 Qb6 20. Qxb6 Bxb6 21. Bxb6 axb6 22. f3 Ne5 23. Kf2 g5 24. Nc4 Nxc4 25. Bxc4 Nd7 26. Be2 f5 27. exf5 Bxf5 28. Rd6 Nc5 29. Rad1 Rxd6 30. Rxd6 Kg7 31. b4 Nd7 32. g4 Be6 33. Bc4 Nf8 34. Bxe6 Rxe6 35. Ne4 Re8 36. Ng3 Ra8 37. b5 Rxa4 38. Nf5+ Kf7 39. Nxh6+ Ke8 40. bxc6 bxc6 41. Rxc6 Rb4 42. Nf5 b5 43. Kg3 Rb1 44. Nd4 b4 45. Rb6 Rg1+ 46. Kf2 Rh1 47. Rxb4 Rxh3 48. Rb5 Nh7 49. Ne6 Rh1 50. Nxg5 Nf6 51. Re5+ Kf8 52. Ne4 Nd7 53. Rb5 Ra1 54. Kg3 Ra3 55. g5 Ra4 56. Kg4 Ra3 57. f4 Ra4 58. Nc5 Ne5+ 59. Kf5 Nc6 60. Nxa4 Nd4+ 61. Kf6 Nxb5 62. Nc5 Nc3 63. Ne6+ Kg8 64. Ke5 Nd1 65. f5 Ne3 66. Ke4 Ng4 67. Kf4 Nf2 68. g6 Nd3+ 69. Kg5 Nf2 70. f6 Ne4+ 71. Kf5 Nd6+ 72. Ke5 Nc4+ 73. Kd5 Nb6+ 74. Kc6 1-0

[Event "Warsaw Maciei Memorial"]
[Site "Warsaw"]
[Date "2021.07.09"]
[Round "6"]
[White "Kanarek, Marcel"]
[Black "Piotrowski, Pawel"]
[Result "1-0"]
[WhiteElo "2498"]
[BlackElo "2027"]
[PlyCount "159"]
[EventDate "2021.07.09"]
[EventType "swiss (blitz)"]
[EventRounds "11"]
[EventCountry "POL"]
[SourceTitle "CBM 203 Extra"]
[Source "ChessBase"]
[SourceDate "2021.09.30"]
[SourceVersion "1"]
[SourceVersionDate "2021.09.30"]
[SourceQuality "1"]

1. e4 c5 2. Nf3 e6 3. d4 cxd4 4. Nxd4 Nf6 5. Nc3 Nc6 6. Ndb5 d6 7. Bf4 e5 8. Bg5 a6 9. Na3 b5 10. Nd5 Be7 11. Bxf6 Bxf6 12. c3 Bg5 13. Nc2 Rb8 14. a4 bxa4 15. Ncb4 Nxb4 16. cxb4 Bd7 17. Bxa6 0-0 18. Rxa4 Bxa4 19. Qxa4 Ra8 20. 0-0 Qc8 21. b5 Qc5 22. b6 f5 23. b7 Rab8 24. exf5 Kh8 25. Qe4 Qa7 26. Nc7 Qb6 27. Qc4 Rxf5 28. Nd5 Qd4 29. Qxd4 exd4 30. Nb6 Ra5 31. Nd7 Rxa6 32. Nxb8 Rb6 33. Nc6 Rxb7 34. Nxd4 Rxb2 35. Rd1 h6 36. g3 Bf6 37. Nf5 Be5 38. Nxd6 Bxd6 39. Rxd6 Kh7 40. g4 Rb3 41. Kg2 Ra3 42. f3 Ra2+ 43. Kg3 Rb2 44. h4 Ra2 45. Re6 Ra3 46. Kf4 Rb3 47. Re5 Ra3 48. Ke4 Ra4+ 49. Ke3 Ra3+ 50. Kf2 Rb3 51. h5 Ra3 52. Kg3 Kg8 53. Kf4 Kf7 54. Rd5 Kf6 55. Rd6+ Kf7 56. Rc6 Rb3 57. Rd6 Ra3 58. Ke4 Ra4+ 59. Rd4 Ra5 60. f4 Ra1 61. Ke5 Ra5+ 62. Rd5 Ra1 63. Rd7+ Kf8 64. Ke6 Re1+ 65. Kf5 Kg8 66. g5 hxg5 67. fxg5 Re2 68. Rd8+ Kf7 69. g6+ Ke7 70. Rg8 Rf2+ 71. Ke4 Rh2 72. Rxg7+ Kf6 73. Rf7+ Ke6 74. Rh7 Kf6 75. Kf4 Rh4+ 76. Kg3 Ra4 77. g7 Kf7 78. h6 Ra6 79. Kf4 Ra1 80. Rh8 1-0

[Event "POL-ch blitz"]
[Site "Szczawno Zdroj"]
[Date "2018.12.16"]
[Round "13"]
[White "Kolasinski, Krzysztof"]
[Black "Piotrowski, Pawel"]
[Result "1/2-1/2"]
[WhiteElo "2101"]
[BlackElo "2028"]
[PlyCount "158"]
[EventDate "2018.12.16"]
[EventType "swiss (blitz)"]
[EventRounds "15"]
[EventCountry "POL"]
[SourceTitle "CBM 187 Extra"]
[Source "ChessBase"]
[SourceDate "2018.11.04"]
[SourceVersion "1"]
[SourceVersionDate "2018.11.04"]
[SourceQuality "1"]

1. d4 Nf6 2. c4 e6 3. Nc3 Bb4 4. e3 0-0 5. Bd3 d5 6. a3 Be7 7. Nge2 dxc4 8. Bxc4 a6 9. 0-0 b5 10. Ba2 Bb7 11. f3 c5 12. Kh1 cxd4 13. Nxd4 Qb6 14. Qe1 Nbd7 15. Nc2 Ne5 16. Qg3 Nd3 17. e4 Nxc1 18. Raxc1 Rfd8 19. Rcd1 h6 20. Qe1 Rxd1 21. Qxd1 Rd8 22. Qe2 Nd7 23. Ne3 Bg5 24. f4 Be7 25. f5 Bg5 26. fxe6 Qxe3 27. exd7 Qxe2 28. Bxf7+ Kh7 29. Nxe2 Rxd7 30. Nc3 Bf6 31. Be6 Re7 32. Bf5+ g6 33. Bg4 Bxc3 34. bxc3 Bxe4 35. h4 Kg7 36. Kh2 Rc7 37. Rc1 Rc4 38. Be2 Ra4 39. Re1 Bf5 40. Ra1 Kf6 41. Kg3 Ke5 42. Bd1 Rc4 43. Rc1 Bd3 44. Bb3 Rc7 45. Re1+ Kf6 46. Rc1 Bc4 47. Bd1 Be6 48. Be2 Rc5 49. Kf4 Bc4 50. Bf3 Bd5 51. Ke3 Bxf3 52. Kxf3 Rc4 53. g3 h5 54. Ke3 Kf5 55. Kf3 Ra4 56. Ra1 Rc4 57. Rc1 a5 58. Kg2 b4 59. Rf1+ Ke5 60. cxb4 axb4 61. axb4 Rxb4 62. Rf8 Rb3 63. Rf7 Ke6 64. Rf8 Ra3 65. Kf2 Ke5 66. Kg2 Rd3 67. Rf7 Rd6 68. Kf3 Ke6 69. Rf8 Ke7 70. Ra8 Kf6 71. Ra5 Rd3+ 72. Kf2 Rb3 73. Kg2 Re3 74. Kf2 Re5 75. Ra6+ Kf5 76. Kf3 Rc5 77. Rb6 Rc3+ 78. Kf2 Rd3 79. Rb5+ Kf6 1/2-1/2

[Event "POL-ch blitz"]
[Site "Szczawno Zdroj"]
[Date "2018.12.16"]
[Round "14"]
[White "Piotrowski, Pawel"]
[Black "Dubinski, Mateusz"]
[Result "1-0"]
[WhiteElo "2028"]
[BlackElo "2304"]
[PlyCount "67"]
[EventDate "2018.12.16"]
[EventType "swiss (blitz)"]
[EventRounds "15"]
[EventCountry "POL"]
[SourceTitle "CBM 187 Extra"]
[Source "ChessBase"]
[SourceDate "2018.11.04"]
[SourceVersion "1"]
[SourceVersionDate "2018.11.04"]
[SourceQuality "1"]

1. d4 d5 2. c4 c6 3. Nf3 Nf6 4. Qc2 g6 5. Bf4 Bg7 6. e3 Bf5 7. Qb3 Qb6 8. c5 Qxb3 9. axb3 a6 10. Nc3 Nh5 11. Bc7 Kd7 12. Ba5 Ke8 13. h3 Nf6 14. Bc7 Nbd7 15. b4 Rc8 16. Bh2 h6 17. Nd2 g5 18. Nb3 e5 19. dxe5 Ne4 20. f4 Nxc3 21. bxc3 f6 22. Nd4 Be4 23. e6 Nf8 24. f5 h5 25. Kf2 g4 26. Rg1 Nh7 27. h4 Bh6 28. Bxa6 bxa6 29. Rxa6 Rg8 30. Bg3 Nf8 31. Rga1 Rg7 32. Rxc6 Rgc7 33. Rxc7 Rxc7 34. Bxc7 1-0

[Event "Kochan Memorial op 24th"]
[Site "Koszalin"]
[Date "2013.08.15"]
[Round "7"]
[White "Mielczarski, Miroslaw"]
[Black "Piotrowski, Pawel"]
[Result "0-1"]
[WhiteElo "2241"]
[BlackElo "1959"]
[PlyCount "94"]
[EventDate "2013.08.10"]
[EventType "swiss"]
[EventRounds "9"]
[EventCountry "POL"]
[SourceTitle "CBM 155 Extra"]
[Source "ChessBase"]
[SourceDate "2013.08.26"]
[SourceVersion "1"]
[SourceVersionDate "2013.08.26"]
[SourceQuality "1"]

1. d4 d5 2. c4 c6 3. Nc3 Nf6 4. Nf3 e6 5. e3 Nbd7 6. Qc2 Bd6 7. Bd3 0-0 8. 0-0 dxc4 9. Bxc4 e5 10. h3 Qe7 11. Bb3 Re8 12. Bd2 h6 13. Nh4 Nf8 14. dxe5 Qxe5 15. Nf3 Qh5 16. Qd3 Bc7 17. e4 Bxh3 18. gxh3 Rad8 19. Qe2 Qxh3 20. e5 Rxd2 21. Qxd2 Qxf3 22. Bd1 Qh3 23. Qe3 Qxe3 24. fxe3 Rxe5 25. Kf2 Ne6 26. Bf3 Ng5 27. Rad1 Bb6 28. Rd3 g6 29. Ke2 Kg7 30. Na4 Nxf3 31. Nxb6 axb6 32. Rxf3 g5 33. Rd6 Re6 34. Rxe6 fxe6 35. Rf1 h5 36. Rd1 g4 37. Rd8 h4 38. Rb8 h3 39. Rxb7+ Kg6 40. Kf2 Ne4+ 41. Kg1 g3 42. Rb8 h2+ 43. Kg2 Nf2 44. Rh8 h1Q+ 45. Rxh1 Nxh1 46. Kxh1 Kf5 47. a4 c5 0-1

[Event "Kochan Memorial op 24th"]
[Site "Koszalin"]
[Date "2013.08.10"]
[Round "1"]
[White "Piotrowski, Pawel"]
[Black "Stefanoff, Zdzislaw"]
[Result "1-0"]
[WhiteElo "1959"]
[BlackElo "1512"]
[PlyCount "125"]
[EventDate "2013.08.10"]
[EventType "swiss"]
[EventRounds "9"]
[EventCountry "POL"]
[SourceTitle "CBM 155 Extra"]
[Source "ChessBase"]
[SourceDate "2013.08.26"]
[SourceVersion "1"]
[SourceVersionDate "2013.08.26"]
[SourceQuality "1"]

1. d4 d5 2. c4 e6 3. Nf3 Bb4+ 4. Bd2 Bxd2+ 5. Nbxd2 Nc6 6. e3 Nf6 7. Rc1 0-0 8. Bd3 Nb4 9. Bb1 c6 10. a3 Na6 11. 0-0 Nd7 12. e4 dxe4 13. Nxe4 Nf6 14. Qe2 Nc7 15. Rfd1 Nce8 16. Nc3 b6 17. Rd2 Bb7 18. Rcd1 Qc7 19. Qe5 Qe7 20. d5 cxd5 21. cxd5 Nd6 22. Qe2 Rad8 23. dxe6 fxe6 24. Ng5 Nf7 25. Qxe6 Qxe6 26. Nxe6 Rxd2 27. Rxd2 Re8 28. Ba2 Bc8 29. Re2 Bxe6 30. Rxe6 Rxe6 31. Bxe6 Kf8 32. Nb5 a5 33. Kf1 Nd8 34. Bc4 Ke7 35. Ke2 Nc6 36. f4 Ne8 37. Bd5 Nb8 38. g4 Nf6 39. Bf3 Nfd7 40. Ke3 Na6 41. g5 Nac5 42. Bd5 Na6 43. h3 Ndb8 44. f5 Nd7 45. Kd4 Nab8 46. h4 Na6 47. Be6 Ndc5 48. Bg8 h6 49. Kd5 Nb8 50. Nd4 hxg5 51. hxg5 Kd7 52. Ne6 Nxe6 53. Bxe6+ Kc7 54. f6 gxf6 55. g6 Nc6 56. g7 Ne7+ 57. Kc4 Kc6 58. Bd5+ Kc7 59. g8Q Nxg8 60. Bxg8 Kc6 61. Bd5+ Kd6 62. Bh1 Kc7 63. Kb5 1-0

[Event "POL-chT U19 2nd League"]
[Site "Borowice"]
[Date "2012.07.28"]
[Round "10"]
[White "Kanicki, Krzysztof"]
[Black "Piotrowski, Pawel"]
[Result "1/2-1/2"]
[WhiteElo "1860"]
[BlackElo "1933"]
[PlyCount "118"]
[EventDate "2012.07.21"]
[EventType "team-swiss"]
[EventRounds "11"]
[EventCountry "POL"]
[SourceTitle "EXT 2014"]
[Source "ChessBase"]
[SourceDate "2013.11.20"]
[SourceVersion "1"]
[SourceVersionDate "2013.11.20"]
[SourceQuality "1"]
[WhiteTeam "Wroclaw MUKS MDK Fabryczna U19"]
[BlackTeam "Zielona Gora KS 64 U19"]
[WhiteTeamCountry "POL"]
[BlackTeamCountry "POL"]

1. e4 e6 2. d4 d5 3. e5 c5 4. c3 Qb6 5. Nf3 Nc6 6. a3 Bd7 7. b4 cxd4 8. cxd4 Rc8 9. Be3 Nh6 10. Bd3 Ng4 11. 0-0 Be7 12. Nbd2 Nxe3 13. fxe3 Nb8 14. Nb3 Ba4 15. Qb1 Bxb3 16. Qxb3 0-0 17. Rac1 a6 18. Rc2 Rc6 19. Rfc1 Rd8 20. Qb1 h6 21. Kh1 Rxc2 22. Qxc2 Nc6 23. Qa4 Kf8 24. h3 Rc8 25. b5 axb5 26. Bxb5 Na7 27. Rxc8+ Nxc8 28. Qc2 Qxb5 29. Qxc8+ Qe8 30. Qxb7 Bxa3 31. Kh2 Kg8 32. Qb3 Qa8 33. Ne1 Be7 34. Qc3 Qa6 35. Nf3 g6 36. Kg3 Qa4 37. Kf2 Bb4 38. Qd3 Qa2+ 39. Qe2 Qb1 40. Ne1 Qf5+ 41. Nf3 Qe4 42. Qb2 Be7 43. Qb8+ Kg7 44. Qc7 Bb4 45. Qc1 h5 46. Qb2 Ba5 47. Qa2 Bc7 48. Qb2 Qf5 49. Qc3 Bd8 50. Kg1 g5 51. Qe1 Qe4 52. Nd2 Qd3 53. Qf2 Kg6 54. Nf1 f6 55. exf6 Bxf6 56. Qg3 Qf5 57. Qb8 h4 58. Qe8+ Kg7 59. Qh5 Qg6 1/2-1/2

[Event "POL-chT U19 2nd League"]
[Site "Borowice"]
[Date "2012.07.22"]
[Round "2"]
[White "Reza, Wojciech"]
[Black "Piotrowski, Pawel"]
[Result "1/2-1/2"]
[WhiteElo "2070"]
[BlackElo "1933"]
[PlyCount "109"]
[EventDate "2012.07.21"]
[EventType "team-swiss"]
[EventRounds "11"]
[EventCountry "POL"]
[SourceTitle "EXT 2014"]
[Source "ChessBase"]
[SourceDate "2013.11.20"]
[SourceVersion "1"]
[SourceVersionDate "2013.11.20"]
[SourceQuality "1"]
[WhiteTeam "Radom UKS MDK U19"]
[BlackTeam "Zielona Gora KS 64 U19"]
[WhiteTeamCountry "POL"]
[BlackTeamCountry "POL"]

1. b3 d5 2. Bb2 Nf6 3. Nf3 Bf5 4. e3 e6 5. Be2 h6 6. 0-0 Bd6 7. Ne5 0-0 8. f4 c5 9. d3 Nc6 10. Nxc6 bxc6 11. Nd2 Rb8 12. Rf3 Bg4 13. Rg3 Bxe2 14. Qxe2 d4 15. Nc4 Nd5 16. Rf1 Qe7 17. Qh5 Kh7 18. Qg4 Rg8 19. Rh3 Bc7 20. a3 Nxe3 21. Nxe3 dxe3 22. Bc1 c4 23. dxc4 Bb6 24. Qe2 Rbd8 25. b4 Bd4 26. Bxe3 Qf6 27. Kh1 Bxe3 28. Rxe3 Rd4 29. Re4 Rgd8 30. Rxd4 Rxd4 31. g3 Qf5 32. Re1 h5 33. Kg2 h4 34. Kf2 hxg3+ 35. hxg3 Kg8 36. Rd1 Rxd1 37. Qxd1 e5 38. Qd3 Qe6 39. f5 Qf6 40. Ke2 Qg5 41. c5 Qg4+ 42. Kf2 Kh7 43. Qf3 Qd4+ 44. Qe3 Qd5 45. Qd3 Qh1 46. Qf3 Qc1 47. Qd3 Qh1 48. Qe2 Qd5 49. g4 Qd4+ 50. Qe3 Qb2 51. Kf3 f6 52. c4 Qh2 53. Qe2 Qh3+ 54. Ke4 Qxa3 55. Qh2+ 1/2-1/2